| 000 | 00418nam a2200157Ia 4500 | ||
|---|---|---|---|
| 003 | GCL | ||
| 008 | 140319s9999 xx 000 0 eng d | ||
| 040 |
_aGCL / _cGCL |
||
| 082 | 0 | 4 |
_a530.141 _bW E |
| 100 | 1 | _aWANGSNESS, ROALD | |
| 245 | 1 | 0 |
_aELECTROMAGNETIC FIELDS / _cWANGSNESS, ROALD |
| 260 |
_a[S.N] : _bJOHN WILEY AND SONS. INC ، _c1986 |
||
| 300 | _a587 | ||
| 650 | 0 | 4 | _aELECTRONAGNETIC FIELDS |
| 942 |
_2ddc _cBK |
||
| 999 |
_c10428 _d10428 |
||